BAD! - Folie's - Statistiques

Statistiques générales
  • Ce quiz a été pris 6 fois
  • Le résultat moyen est 203 sur 515
Statistiques - réponses
Paroles % Correct
bad
100%
I
100%
à
83%
a
83%
boy
83%
ce
83%
c'est
83%
elle
83%
un
83%
d'amour
67%
est
67%
ma
67%
mais
67%
mieux
67%
my
67%
pas
67%
que
67%
se
67%
sextoy
67%
son
67%
sur
67%
une
67%
V
67%
veut
67%
x
67%
baby
50%
bitch
50%
ça
50%
comme
50%
de
50%
des
50%
et
50%
50%
la
50%
langue
50%
le
50%
like
50%
starboy
50%
that
50%
to
50%
bat
33%
be
33%
coeur
33%
coup
33%
Cristaline
33%
dans
33%
d'essai
33%
d'état
33%
dit
33%
en
33%
ex-actrice
33%
flow
33%
Folie's
33%
Jack
33%
j'ai
33%
je
33%
know
33%
les
33%
me
33%
Mike
33%
mon
33%
time
33%
vite
33%
you
33%
aime
17%
arrive
17%
attentat
17%
avant
17%
babe
17%
beretta
17%
bombe
17%
cam
17%
couler
17%
devient
17%
donc
17%
face
17%
fait
17%
for
17%
gyal
17%
il
17%
it
17%
j'laisse
17%
j'suis
17%
just
17%
mes
17%
m'voulait
17%
of
17%
péter
17%
plus
17%
pour
17%
putain
17%
sensations
17%
shake
17%
tout
17%
toxique
17%
trois
17%
tu
17%
vais
17%
Vendetta
17%
veux
17%
vitamine
17%
waste
17%
Wizkid
17%
yeah
17%
ah
0%
all
0%
appelle
0%
Applique
0%
après
0%
aside
0%
assassine
0%
attends
0%
au
0%
battement
0%
beau
0%
beauté
0%
bebe
0%
bébé
0%
besoin
0%
biff
0%
bon
0%
Chasin
0%
cocaine
0%
c'que
0%
crime
0%
dangereux
0%
d'artiste
0%
dead
0%
diable
0%
dire
0%
dix
0%
d'mes
0%
doigts
0%
domaine
0%
dope
0%
droit
0%
d'un
0%
ennemis
0%
ennuyant
0%
étoiles
0%
faire
0%
fessier
0%
fidèle
0%
fine
0%
flammes
0%
franchement
0%
gars
0%
gentil
0%
grrr
0%
ici
0%
is
0%
j'aime
0%
jolies
0%
j'vois
0%
kryptonite
0%
lames
0%
l'aura
0%
l'dos
0%
l'or
0%
Maintenant
0%
mine
0%
moi
0%
movie
0%
nana
0%
ne
0%
non
0%
nul
0%
oui
0%
par
0%
parce
0%
passe
0%
plat
0%
playin
0%
pointe
0%
pollen
0%
porte
0%
proche
0%
pure
0%
pyramides
0%
qu'est
0%
qui
0%
quick
0%
quoi
0%
regardes
0%
rien
0%
rush
0%
sais
0%
sang
0%
savez
0%
s'effrite
0%
sous
0%
tell
0%
tente
0%
t'es
0%
thème
0%
toi
0%
ton
0%
totem
0%
toucher
0%
toujours
0%
toutatis
0%
tracés
0%
trop
0%
tue
0%
vie
0%
visage
0%
voila
0%
vois
0%
vous
0%
vrai
0%
want
0%
Aucun quiz correspondant
Distribution des résultats
% des personnes avec chaque résultat
Percentile par nombre de réponses
Votre historique - résultats
Vous n’avez pas pris ce quiz